Statistiques concernant Lieux Remarquables sur une Carte d'Italie

Cliquez ici pour prendre le quiz!

Statistiques générales

  • Ce quiz a été pris 719 fois
  • Le résultat moyen est 7 sur 20

Réponses sur la Carte

Les réponses sont colorées sur une échelle allant du rouge au vert en fonction du pourcentage des utilisateurs qui les ont devinées à leur premier essai. Vous pouvez retrouver ces pourcentages ci-dessous.
 

Statistiques - réponses

Réponse% Correct
Colisée
85%
Etna
69%
Pompéi
69%
Palais des Doges
62%
Tour de Pise
60%
Lac de Garde
43%
La Scala
40%
Cervin
39%
Rimini
33%
Ponte Vecchio
30%
Basilique Saint-François d'Assise
23%
Habitats troglodytiques de Matera
23%
Su Nuraxi
18%
Musée Égyptologique
16%
Via Garibaldi
16%
Vallée des Temples
14%
Castel del Monte
12%
Basilique Sainte-Marie de Collemaggio
11%
Tropea
10%
Place Saint-Oronce
6%

Distribution des résultats

Percentile par nombre de réponses

% des personnes avec chaque résultat

Votre développement - résultats

Vous n’avez pas pris ce quiz